| 000 | 006580000a22002050004500 | ||
|---|---|---|---|
| 003 | LK-CoMWRAF | ||
| 005 | 20231030121647.0 | ||
| 008 | 230817t1997 ||||| |||| 00| 0 eng d | ||
| 020 | _a8122004970 | ||
| 040 |
_aLK-CoMWRAF _dLK-CoMWRAF _eLK-CoMWRAF |
||
| 041 | _aeng | ||
| 082 |
_a351.5493 _bTHI |
||
| 245 |
_aThe Third wave: _bGovernance and Public Administration in Sri Lanka |
||
| 260 |
_aColombo: _bInternational Centre for Ethnic Studies in association, _c1997 |
||
| 300 |
_axiv, 452 p. ; 22 cm. _bIndex included |
||
| 650 | _aPUBLIC ADMINISTRATION-Sri Lanka | ||
| 650 | _aPolitics and government-India | ||
| 700 |
_aSomasundram, M. _eed. |
||
| 942 | _cBK | ||
| 999 |
_c367 _d367 |
||